Norwich City Squad 2022–23 Championship Season - Statistics

General Stats
  • This quiz has been taken 19 times
  • The average score is 27 of 33
Answer Stats
Answer % Correct
Angus Gunn
100%
Christos Tzolis
100%
Gabriel Sara
100%
Jacob Sørensen
100%
Josh Sargent
100%
Kenny McLean
100%
Liam Gibbs
100%
Marcelino Núñez
100%
Milot Rashica
100%
Onel Hernández
100%
Teemu Pukki
100%
Tim Krul
100%
Adam Idah
90%
Ben Gibson
90%
Danel Sinani
90%
David Wagner
90%
Dimitris Giannoulis
90%
Grant Hanley
90%
Jonathan Rowe
90%
Max Aarons
90%
Dean Smith
80%
Tony Springett
80%
Andrew Omobamidele
70%
Jonathan Tomkinson
70%
Kieran Dowell
70%
Sam McCallum
70%
Isaac Hayden
60%
Marquinhos
60%
Sam Byram
60%
Todd Cantwell
60%
Jordan Hugill
50%
Aaron Ramsey
40%
Abu Kamara
40%
No matching quizzes found
Score Distribution
Percent of People with Each Score
Percentile by Number Answered
Your Score History
You have not taken this quiz